000 01823cam a22005294i 4500
003 PE-LiUPU
005 20250731180144.0
008 150706s r 000 0 d
020 _a9788448156350
035 _a(Sirsi) i9788448156350
040 _aPE-LiUPU
_bspa
_cPE-LiUPU
_erda
049 _aPRUA
082 0 4 _a513.7
_bR78
_221
100 1 _aRojo, Jesús,
_eautor.
245 1 0 _aÁlgebra lineal /
_cJesús Rojo.
250 _aSegunda edición.
264 1 _aMadrid :
_bMcGraw-Hill,
_c2007.
300 _a596 páginas ;
_c24 cm.
336 _atext
_2rdacontent
337 _aunmediated
_2rdamedia
338 _avolume
_2rdacarrier
505 0 _aNociones básicas- Espacios vectoriales - Aplicaciones lineales y matrices- Determinantes - Sistemas de ecuaciones lineales - Diagonalización de endomorfismos y matrices - Formas bilineales y formas sesquilineales- Espacios euclídeos y espacios unitarios.
526 _aSEG44
526 _aSEG26
526 _aP159
526 _aP155
526 _aP154
526 _aP153
526 _aP150
526 _aP100
526 _aP31
526 _aP30
526 _aP26
526 _aP25
526 _aP24
526 _aP22
526 _aP15
526 _aP10
541 _g015-0012821;
650 1 4 _aÁlgebra lineal.
910 _bjv
_cng
_d20110601
942 _2ddc
_cBOOK
949 _a513.7 R78
_wDEWEY
_c1
_i63062
_lCCODEBUL1
_mBUL
_p54.00
_r0
_sY
_tBOOK
_u2015-7-6
_xINGENIERIA
_zUNKNOWN
_o.STAFF. Colección General
994 _aC0
_bPEPRU
596 _a1
999 _a513.7 R78
_wDEWEY
_c52078
_i63062
_d52078
_e2018-11-12
_f2021-11-5
_g7
_lCCODEBUL1
_mBUL
_n10
_p54.00
_r0
_sY
_tBOOK
_u2015-7-6
_xBIBLIOTECA
_zUNKNOWN
_0COMPRA
_o.STAFF. Colección General
980 _81
_gALBERTO SANCHEZ Responsable de Automatización